| 000 | 01094nam a22003257a 4500 | ||
|---|---|---|---|
| 005 | 20201128021104.0 | ||
| 008 | 141008t2014 xxka frbd 001 0 eng d | ||
| 020 | _a9781292027753 | ||
| 040 | _aEG-ScBUE | ||
| 082 | 0 | 0 |
_222 _a613 _bMUR |
| 100 | 1 |
_aMurray, Ruth Beckmann _936157 |
|
| 245 | 1 | 0 |
_aHealth promotion strategies through the life span / _cMurray, Zentner, Yakimo. |
| 250 |
_a8th ed., _bPearson new international ed. |
||
| 260 |
_aHarlow, United Kingdom : _bPearson Education Limited, _cc.2014. |
||
| 300 |
_all, 774 p. : _bill. (col.) ; _c28 cm. |
||
| 490 | 0 | _aAlways Learning | |
| 500 | _aIncludes appendixes. | ||
| 500 | _aGlossary : p. 727-740. | ||
| 500 | _aIndex : p. 741-774. | ||
| 504 | _aIncludes bibliography references. | ||
| 650 | 0 |
_920388 _aNursing assessment |
|
| 650 | 0 |
_932506 _aHealth promotion |
|
| 650 | 0 |
_936156 _aLife cycle, Human |
|
| 650 | 0 |
_9952 _aDevelopmental psychology |
|
| 653 |
_bNNUR _cOctober2014 |
||
| 655 |
_vreading book _934232 |
||
| 700 | 1 |
_aZentner, Judith Proctor _936158 |
|
| 700 | 1 |
_aYakimo, Richard _936159 |
|
| 942 |
_2ddc _k613 MUR |
||
| 999 |
_c18435 _d18407 |
||